000 00633nmm a2200193Ia 4500
008 251105s9999||||xx |||||||||||||||||und||
020 _a9786071647979
041 _aspa
100 _aVilloro, Juan
245 0 _aEl té de tornillo del profesor Zíper
264 _a[México D.C., Mexico] :
_bFondo de Cultura Económica,
_c[Fecha de publicación no identificada]
300 _a176 páginas
490 _aA la Orilla del Viento
650 _aTeen & Young Adult Fiction
700 _aVilloro, Juan
700 1 _a Barajas Durán, Rafael "El Fisgón"
856 _uhttps://public.digitaliapublishing.com/a/135580
942 _cCF
999 _c72442
_d72442